The noble scholar, jurist, historian


 His Excellency Dr. Abdul Wahhab bin Ibrahim Abu Sulaiman, may Allah have mercy on him.


 He was born in Umm Al-Qura in the year 1356 AH.

هذه رسالة تسمى إيضاح الإشارة في المجاز والاستعارة / (Record no. 14375)

MARC details
000 -LEADER
fixed length control field 00949ctm a22002291i 4500
003 - CONTROL NUMBER IDENTIFIER
control field SA-RiAUC
005 - DATE AND TIME OF LATEST TRANSACTION
control field 20260217141702.0
008 - FIXED-LENGTH DATA ELEMENTS--GENERAL INFORMATION
fixed length control field 260212q17001799xx g 000 0 ara c
040 ## - CATALOGING SOURCE
Original cataloging agency SA-JeALM
Language of cataloging ara
Transcribing agency SA-RiAUC
Description conventions rda
082 04 - DEWEY DECIMAL CLASSIFICATION NUMBER
Classification number 414.3
090 ## - LOCALLY ASSIGNED LC-TYPE CALL NUMBER (OCLC); LOCAL CALL NUMBER (RLIN)
Classification number (OCLC) (R) ; Classification number, CALL (RLIN) (NR) م ن 414.3
Local cutter number (OCLC) ; Book number/undivided call number, CALL (RLIN) ي و س
100 1# - MAIN ENTRY--PERSONAL NAME
Personal name اليوسي، محمد بن عبد الرحمن
Relator term مؤلف.
245 10 - TITLE STATEMENT
Title هذه رسالة تسمى إيضاح الإشارة في المجاز والاستعارة /
Statement of responsibility, etc. محمد بن عبد الرحمن اليوسي المغربي.
264 #0 - PRODUCTION, PUBLICATION, DISTRIBUTION, MANUFACTURE, AND COPYRIGHT NOTICE
Place of production, publication, distribution, manufacture مكة المكرمة :
Name of producer, publisher, distributor, manufacturer مطبعة الترقي الماجدية .
Date of production, publication, distribution, manufacture, or copyright notice [1331 هـ]
300 ## - PHYSICAL DESCRIPTION
Extent 8 صفحة .
Dimensions 29 سم.
336 ## - CONTENT TYPE
Content type term نص
Content type code txt
Source rdacontent
Materials specified كتاب
337 ## - MEDIA TYPE
Media type term بدون وسيط
Media type code n
Source rdamedia
520 0# - SUMMARY, ETC.
Summary, etc. رسالة في المجاز والاستعارة.
650 #7 - SUBJECT ADDED ENTRY--TOPICAL TERM
Topical term or geographic name entry element البلاغة العربية
Source of heading or term aucsh
942 ## - ADDED ENTRY ELEMENTS (KOHA)
Source of classification or shelving scheme Dewey Decimal Classification
Koha item type كتاب مصور نادر
Suppress in OPAC No
949 ## - LOCAL PROCESSING INFORMATION (OCLC)
a SA-JeALM
d 260212
u osman123
n 1
Holdings
Withdrawn status Lost status Source of classification or shelving scheme Damaged status Not for loan Home library Current library Date acquired Total checkouts Full call number Barcode Date last seen Price effective from Koha item type
    Dewey Decimal Classification     DR AbdElwahab Library DR AbdElwahab Library 02/17/2026   م ن 414.3 ي و س 000022792 02/17/2026 02/17/2026 كتاب مصور نادر
    Dewey Decimal Classification     DR AbdElwahab Library DR AbdElwahab Library 02/20/2026   م ن 414.3 ي و س 000022836 02/20/2026 02/20/2026 كتاب مصور نادر